[Event "4NCL/Div3/OXF2 vs. ICENI"]
[Site "Wokefield Park ENG"]
[Date "2010.05.03"]
[Round "11.6"]
[White "Szymanski, Mark"]
[Black "Jackson, Gary"]
[Result "0-1"]
[WhiteElo "1890"]
[BlackElo "2034"]
[PlyCount "146"]
[EventDate "2010.05.03"]
[SourceDate "2009.10.24"]

1. d4 d5 2. Nf3 c6 3. e3 Bf5 4. c4 Nf6 5. Nc3 e6 6. Nh4 Bg6 7. Nxg6 hxg6 8. Qb3
Qc7 9. g3 a6 10. Bg2 Nbd7 11. Bd2 Qb6 12. Na4 Qxb3 13. axb3 b5 14. Nc3 b4 15.
Na2 Rb8 16. Nc1 Ra8 17. Nd3 c5 18. Ra5 Bd6 19. dxc5 Bc7 20. Ra4 O-O 21. O-O a5
22. Rfa1 Rac8 23. cxd5 Nxd5 24. Bxd5 exd5 25. Rc1 Nf6 26. f3 Rfd8 27. Kf2 g5
28. g4 Nh7 29. h3 Nf8 30. Ke2 Ne6 31. Be1 Re8 32. Bf2 Nd4+ 33. Kd1 Nxb3 34. Rc2
Re6 35. Re2 Bd8 36. e4 d4 37. Rc2 Rh6 38. Rc4 Rxh3 39. Ke2 Rh2 40. Kd1 Be7 41.
c6 Rh3 42. Ke2 Bd8 43. Bxd4 Nxd4+ 44. Rxd4 Bb6 45. Rc4 Rh2+ 46. Ke1 Bc7 47. b3
Rd8 48. Nf2 Bg3 49. Ra2 Rh1+ 50. Ke2 Bxf2 51. c7 Rc8 52. Rd2 Bb6 53. Rd8+ Rxd8
54. cxd8=Q+ Bxd8 55. Rc8 Rb1 56. Rxd8+ Kh7 57. Ra8 Rb2+ 58. Ke1 Rxb3 59. Rxa5
Rxf3 60. Ke2 Rf4 61. Rxg5 Rxe4+ 62. Kf3 Rc4 63. Rb5 f6 64. Kg3 g5 65. Kf3 Rc3+
66. Ke4 Rg3 67. Kf5 Rf3+ 68. Ke6 Kg6 69. Rxb4 Rf4 70. Rb8 Re4+ 71. Kd5 Rxg4 72.
Ke6 Re4+ 73. Kd5 Re1 0-1

[Event "4NCL/Div3/GLOSG vs. NOTT2"]
[Site "Wokefield Park ENG"]
[Date "2010.05.03"]
[Round "11.1"]
[White "Hosken, Nigel K"]
[Black "Flynn, David"]
[Result "1/2-1/2"]
[WhiteElo "2109"]
[BlackElo "2053"]
[PlyCount "80"]
[EventDate "2010.05.03"]
[SourceDate "2009.10.24"]

1. d4 Nf6 2. c4 g6 3. Nc3 d5 4. cxd5 Nxd5 5. e4 Nxc3 6. bxc3 Bg7 7. Be3 O-O 8.
Qd2 c5 9. Nf3 Qa5 10. Rb1 cxd4 11. cxd4 Qxd2+ 12. Nxd2 Nc6 13. Nb3 b6 14. Rc1
Nb4 15. a3 Na6 16. Kd2 Bb7 17. f3 Rac8 18. Bd3 e6 19. g4 Nb8 20. Rxc8 Rxc8 21.
Rc1 Bf8 22. Rxc8 Bxc8 23. a4 Bd6 24. e5 Bb4+ 25. Kc2 Bd7 26. Bb5 a6 27. Bxd7
Nxd7 28. Nd2 h5 29. Ne4 hxg4 30. fxg4 Kf8 31. h4 Kg7 32. h5 gxh5 33. gxh5 b5
34. axb5 axb5 35. Kb3 Be7 36. Nd6 f6 37. Ne8+ Kh7 38. exf6 Nxf6 39. Nxf6+ Bxf6
40. Kb4 Bxd4 1/2-1/2

[Event "4NCL/Div3/GLOSG vs. NOTT2"]
[Site "Wokefield Park ENG"]
[Date "2010.05.03"]
[Round "11.2"]
[White "Combie, Alexander"]
[Black "Lambourne, Daniel M"]
[Result "1-0"]
[WhiteElo "1975"]
[BlackElo "2001"]
[PlyCount "157"]
[EventDate "2010.05.03"]
[SourceDate "2009.10.24"]

1. d4 d5 2. c4 e6 3. Nf3 Nf6 4. g3 c5 5. cxd5 cxd4 6. dxe6 fxe6 7. Qxd4 Qxd4 8.
Nxd4 Bc5 9. Nb3 Bb6 10. Bg2 Ng4 11. e3 O-O 12. O-O Nc6 13. Nc3 Nce5 14. h3 Nh6
15. Na4 Bc7 16. e4 Nhf7 17. Be3 b5 18. Nc3 a6 19. f4 Nc4 20. Bc5 Rd8 21. e5 Rb8
22. Ba7 Bb6+ 23. Bxb6 Rxb6 24. Nd1 Nh6 25. Be4 a5 26. Rf3 Nf5 27. Bxf5 exf5 28.
Rc3 Be6 29. Ne3 Nxb2 30. Nxa5 Nc4 31. Naxc4 bxc4 32. Rac1 Rb2 33. R1c2 Rxc2 34.
Rxc2 Rd3 35. Kf2 Ra3 36. Nd1 Kf7 37. Nc3 h6 38. Ke3 g5 39. Kd2 Ra7 40. Kc1 Ra8
41. Nb5 gxf4 42. gxf4 Ra5 43. Nc3 Ra3 44. Kb2 Ra8 45. Rd2 Rg8 46. a4 Rb8+ 47.
Kc2 Rg8 48. Nb5 Ke7 49. Nc7 Bf7 50. a5 c3 51. Nd5+ Ke6 52. Nxc3 Ra8 53. Rd6+
Ke7 54. Nd5+ Kf8 55. e6 Bxe6 56. Rxe6 Rxa5 57. Rf6+ Kg7 58. Rxf5 Ra2+ 59. Kd3
Rh2 60. Rh5 Rf2 61. f5 Rf3+ 62. Ke4 Rf1 63. Rh4 Re1+ 64. Ne3 Ra1 65. Rg4+ Kf7
66. Rg6 h5 67. Rh6 Ra4+ 68. Kf3 Rh4 69. Kg3 Re4 70. Ng2 Kg7 71. Rxh5 Kf6 72. h4
Ra4 73. Rg5 Ra3+ 74. Kg4 Ra4+ 75. Nf4 Ra1 76. Rg6+ Kf7 77. Ne6 Rg1+ 78. Kh5 Rh1
79. Ng5+ 1-0

[Event "4NCL/Div3/GLOSG vs. NOTT2"]
[Site "Wokefield Park ENG"]
[Date "2010.05.03"]
[Round "11.3"]
[White "Waterfield, John W"]
[Black "Burke, Steven J"]
[Result "0-1"]
[WhiteElo "1988"]
[BlackElo "1954"]
[PlyCount "102"]
[EventDate "2010.05.03"]
[SourceDate "2009.10.24"]

1. e4 Nf6 2. Nc3 d6 3. f4 Nbd7 4. Nf3 e5 5. d4 exd4 6. Qxd4 c5 7. Qa4 Be7 8. e5
Ng4 9. Bd3 O-O 10. O-O Nb6 11. Qe4 f5 12. Bc4+ Kh8 13. Qd3 dxe5 14. h3 e4 15.
Qxd8 Bxd8 16. hxg4 exf3 17. Bd5 Nxd5 18. Nxd5 fxg2 19. Kxg2 fxg4 20. Be3 b6 21.
Rh1 Bb7 22. c4 Rf5 23. Kg3 Bxd5 24. cxd5 Rxd5 25. Kxg4 Bf6 26. Rh2 Re8 27. Re1
Kg8 28. Bd2 Rxe1 29. Bxe1 h5+ 30. Kf3 Kf7 31. b3 Ke6 32. Ke4 Rd4+ 33. Ke3 Rxf4
34. Rxh5 Rf5 35. Rh7 Re5+ 36. Kd2 Rd5+ 37. Kc2 Rd7 38. Bg3 g5 39. Rxd7 Kxd7 40.
Kd3 b5 41. a4 a6 42. axb5 axb5 43. Ke4 Kc6 44. Kf5 Bd8 45. Be5 Kd5 46. Bc3 Be7
47. Be1 c4 48. b4 Kd4 49. Ke6 c3 50. Kxe7 c2 51. Bd2 g4 0-1

[Event "4NCL/Div3/GLOSG vs. NOTT2"]
[Site "Wokefield Park ENG"]
[Date "2010.05.03"]
[Round "11.4"]
[White "Thompson, Brian"]
[Black "Taylor, Geoffrey P"]
[Result "1/2-1/2"]
[WhiteElo "1953"]
[BlackElo "1962"]
[PlyCount "31"]
[EventDate "2010.05.03"]
[SourceDate "2009.10.24"]

1. d4 d5 2. Nf3 Nf6 3. e3 Bf5 4. c4 e6 5. Qb3 Qc8 6. Nc3 c6 7. Be2 Be7 8. O-O
h6 9. Bd2 O-O 10. Rfc1 Nbd7 11. cxd5 exd5 12. Na4 Ne4 13. Bb4 Re8 14. Bxe7 Rxe7
15. Nc3 Bg4 16. Nxd5 1/2-1/2

[Event "4NCL/Div3/GLOSG vs. NOTT2"]
[Site "Wokefield Park ENG"]
[Date "2010.05.03"]
[Round "11.5"]
[White "Meade, Philip J"]
[Black "Taylor, Robert P"]
[Result "1/2-1/2"]
[WhiteElo "1960"]
[BlackElo "1978"]
[PlyCount "59"]
[EventDate "2010.05.03"]
[SourceDate "2009.10.24"]

1. e4 e5 2. Nf3 d6 3. d4 Nf6 4. Nc3 Nbd7 5. Bc4 h6 6. O-O Be7 7. h3 c6 8. a4
O-O 9. Qe2 Qc7 10. Rd1 Re8 11. Be3 Bf8 12. dxe5 Nxe5 13. Nxe5 dxe5 14. Rd3 Be6
15. Bxe6 Rxe6 16. Rad1 Qa5 17. Bd2 Bb4 18. b3 Re7 19. Na2 Bxd2 20. R1xd2 b5 21.
Nc3 bxa4 22. Nxa4 c5 23. Rd6 Rc8 24. Qc4 Rb7 25. f3 Rb4 26. Qa6 Qxa6 27. Rxa6
c4 28. Rxa7 cxb3 29. cxb3 Rxb3 30. Rb2 1/2-1/2

[Event "4NCL/Div3/GLOSG vs. NOTT2"]
[Site "Wokefield Park ENG"]
[Date "2010.05.03"]
[Round "11.6"]
[White "Hill, Maurice J"]
[Black "Dodwell, Phil"]
[Result "1/2-1/2"]
[WhiteElo "1802"]
[BlackElo "1978"]
[PlyCount "90"]
[EventDate "2010.05.03"]
[SourceDate "2009.10.24"]

1. c4 f5 2. Nf3 Nf6 3. g3 e6 4. Bg2 Be7 5. O-O O-O 6. Nc3 d6 7. d3 Nc6 8. Rb1
Qe8 9. b4 e5 10. e3 Bd8 11. b5 Ne7 12. Qb3 Kh8 13. c5 Neg8 14. cxd6 cxd6 15.
Nd2 Qh5 16. f4 exf4 17. gxf4 Ng4 18. Nf3 Rf6 19. h3 N4h6 20. Qd1 Rg6 21. Ng5
Qh4 22. Bd2 Rxg5 23. fxg5 Qxg5 24. Qf3 Ba5 25. Qf4 Qg6 26. Qa4 Bd8 27. Nd5 Nf6
28. Nf4 Qf7 29. Qb3 Qe8 30. Rbe1 Nf7 31. Kh1 Ng5 32. a4 Nh5 33. Kh2 Nf6 34. Rc1
Nf7 35. Qc3 Rb8 36. Rfe1 Bd7 37. Nd5 Ne5 38. e4 fxe4 39. dxe4 Qh5 40. Kg1 Nxd5
41. exd5 h6 42. a5 Qg6 43. Rxe5 dxe5 44. Qxe5 Bxh3 45. Qe4 Qxe4 1/2-1/2

[Event "4NCL/Div3/NOTT1 vs. KJCAN"]
[Site "Wokefield Park ENG"]
[Date "2010.05.03"]
[Round "11.1"]
[White "Richmond, Robert J"]
[Black "Murphy, Conor"]
[Result "1-0"]
[WhiteElo "2200"]
[BlackElo "1794"]
[PlyCount "75"]
[EventDate "2010.05.03"]
[SourceDate "2009.10.24"]

1. d4 d5 2. c4 e6 3. Nc3 c6 4. e3 Nf6 5. Nf3 Nbd7 6. Qc2 Bd6 7. Bd3 dxc4 8.
Bxc4 b5 9. Bd3 Bb7 10. O-O a6 11. a4 O-O 12. Bd2 b4 13. Ne4 Nxe4 14. Bxe4 Nf6
15. Bd3 Rc8 16. Qb3 c5 17. dxc5 Bxc5 18. Rad1 Qe7 19. Bc4 Rfd8 20. Bc1 Ne4 21.
Rxd8+ Rxd8 22. Rd1 Nd6 23. Be2 Bd5 24. Qc2 Qa7 25. Bd3 b3 26. Qe2 a5 27. e4 Bc6
28. e5 Nb7 29. Bxh7+ Kxh7 30. Rxd8 Bxf2+ 31. Kf1 Bxf3 32. Qd3+ g6 33. Rd7 Bh5
34. Rxf7+ Kg8 35. Rxf2 Qc5 36. Be3 Qxe5 37. g4 Nc5 38. Qd8+ 1-0

[Event "4NCL/Div3/NOTT1 vs. KJCAN"]
[Site "Wokefield Park ENG"]
[Date "2010.05.03"]
[Round "11.2"]
[White "Kalid, Raphael"]
[Black "Walker, Andrew N"]
[Result "0-1"]
[WhiteElo "1786"]
[BlackElo "2087"]
[PlyCount "94"]
[EventDate "2010.05.03"]
[SourceDate "2009.10.24"]

1. e4 e5 2. Nf3 Nc6 3. Nc3 Nf6 4. d4 exd4 5. Nxd4 Bc5 6. Be3 Nxd4 7. Bxd4 Qe7
8. Bxc5 Qxc5 9. Bd3 O-O 10. O-O d6 11. Nd5 Nxd5 12. exd5 Bd7 13. Re1 Rae8 14.
Qd2 Re5 15. Rxe5 dxe5 16. Re1 Re8 17. b4 Qd6 18. c4 b6 19. a3 g6 20. f3 b5 21.
Qa2 c6 22. Be4 bxc4 23. Qxc4 f5 24. Bc2 cxd5 25. Qd3 Qb6+ 26. Kh1 Qb5 27. Qb3
Qc4 28. Qxc4 dxc4 29. Rd1 Be6 30. Rd6 Kf7 31. Ba4 Rc8 32. Kg1 Ke7 33. Rd1 Rd8
34. Rxd8 Kxd8 35. Kf2 Kc7 36. Ke3 Kd6 37. g3 g5 38. f4 exf4+ 39. gxf4 g4 40.
Kd4 h5 41. Bc2 h4 42. Ke3 h3 43. Kf2 Kd5 44. Ke3 g3 45. Bd1 gxh2 46. Bf3+ Kd6
47. Kd4 c3 0-1

[Event "4NCL/Div3/NOTT1 vs. KJCAN"]
[Site "Wokefield Park ENG"]
[Date "2010.05.03"]
[Round "11.3"]
[White "Coates, David H"]
[Black "Reddiar, Gautham"]
[Result "1-0"]
[WhiteElo "2043"]
[BlackElo "1746"]
[PlyCount "61"]
[EventDate "2010.05.03"]
[SourceDate "2009.10.24"]

1. e4 e6 2. d4 d5 3. Nc3 Bb4 4. e5 c5 5. a3 cxd4 6. axb4 dxc3 7. Qg4 Ne7 8.
Qxg7 Rg8 9. Qxh7 Qc7 10. f4 Nd7 11. Nf3 Nf8 12. Qd3 cxb2 13. Bxb2 Nc6 14. Qd2
Bd7 15. Bd3 b6 16. O-O a5 17. bxa5 bxa5 18. Ba3 Bc8 19. Qf2 Nd7 20. Rfb1 Ba6
21. Nd4 Nxd4 22. Qxd4 Bxd3 23. cxd3 Qd8 24. Rb7 Qh4 25. Rc1 Qg4 26. Qf2 Qf5 27.
Qc2 Rd8 28. Rcb1 Qxf4 29. Rxd7 Qd4+ 30. Kh1 Qxe5 31. Re7+ 1-0

[Event "4NCL/Div3/NOTT1 vs. KJCAN"]
[Site "Wokefield Park ENG"]
[Date "2010.05.03"]
[Round "11.4"]
[White "Davis, Alexei"]
[Black "Levens, David G"]
[Result "0-1"]
[WhiteElo "1730"]
[BlackElo "1986"]
[PlyCount "82"]
[EventDate "2010.05.03"]
[SourceDate "2009.10.24"]

1. d4 d5 2. Nf3 Nf6 3. e3 g6 4. Bd3 Bg7 5. b3 O-O 6. Bb2 Nbd7 7. O-O c5 8. Nbd2
Qc7 9. Ne5 Nxe5 10. dxe5 Ng4 11. Be2 Nxe5 12. f4 Nc6 13. Bxg7 Kxg7 14. a3 e5
15. c4 d4 16. fxe5 Qxe5 17. e4 Qe7 18. Qc2 f5 19. Bd3 Ne5 20. Rae1 f4 21. Nf3
Ng4 22. Qb2 Ne3 23. Rf2 Bg4 24. Nd2 Rf7 25. Nf1 Nd1 26. Rxd1 Bxd1 27. b4 Raf8
28. Nd2 b6 29. Rf1 Bg4 30. bxc5 bxc5 31. Nb3 f3 32. Rf2 Qg5 33. h4 Qe5 34. Bf1
fxg2 35. Rxf7+ Rxf7 36. Bxg2 Bf3 37. Qc2 Qg3 38. Nxc5 Bxg2 39. Qxg2 Qe1+ 40.
Kh2 Rf2 41. Ne6+ Kf6 0-1

[Event "4NCL/Div3/NOTT1 vs. KJCAN"]
[Site "Wokefield Park ENG"]
[Date "2010.05.03"]
[Round "11.5"]
[White "Truman, Richard G"]
[Black "Paul, Barnaby J"]
[Result "1-0"]
[WhiteElo "2015"]
[BlackElo "1610"]
[PlyCount "101"]
[EventDate "2010.05.03"]
[SourceDate "2009.10.24"]

1. d4 d5 2. c4 e6 3. Nc3 Nf6 4. Bg5 Be7 5. e3 O-O 6. Nf3 Nbd7 7. Rc1 Re8 8. Bd3
dxc4 9. Bxc4 a6 10. Bd3 b5 11. O-O Bb7 12. Qc2 Nf8 13. Ne5 Ng6 14. Rfd1 Rc8 15.
f3 Nd5 16. Bxe7 Qxe7 17. Nxg6 hxg6 18. Qf2 Nxc3 19. Rxc3 c5 20. dxc5 Rxc5 21.
Rdc1 Rec8 22. Qd2 b4 23. Rxc5 Rxc5 24. Kf2 Qh4+ 25. Kg1 Rg5 26. Qf2 Qxf2+ 27.
Kxf2 Ra5 28. Rc4 Rb5 29. Rc7 Rb6 30. e4 a5 31. Ke3 e5 32. Bc4 Ba6 33. Bxf7+ Kh7
34. Bc4 Bxc4 35. Rxc4 Rb5 36. h4 a4 37. Kd3 Rb6 38. Rc5 Rd6+ 39. Rd5 Re6 40.
Rb5 Rd6+ 41. Ke3 a3 42. Rxb4 Ra6 43. b3 Rc6 44. Rc4 Ra6 45. Ra4 Rc6 46. Rxa3
Rc2 47. g4 Rc3+ 48. Kf2 Kh6 49. Ra8 g5 50. h5 g6 51. Ra6 1-0

[Event "4NCL/Div3/NOTT1 vs. KJCAN"]
[Site "Wokefield Park ENG"]
[Date "2010.05.03"]
[Round "11.6"]
[White "Kalid-Filho, Targino"]
[Black "Kingston, Ian"]
[Result "0-1"]
[WhiteElo "1314"]
[BlackElo "1999"]
[PlyCount "68"]
[EventDate "2010.05.03"]
[SourceDate "2009.10.24"]

1. Nf3 d5 2. d4 Nf6 3. e3 c5 4. b3 Nc6 5. Bb5 Qa5+ 6. Bd2 Qxb5 7. Nc3 Qa6 8.
Ne2 Bf5 9. Nh4 Bg6 10. c3 e6 11. Nf4 Be7 12. Nhxg6 hxg6 13. Qc2 Ne4 14. f3 Nxd2
15. Qxd2 cxd4 16. exd4 Bg5 17. Qe3 O-O 18. g3 e5 19. dxe5 Nxe5 20. Kf2 Rfe8 21.
Qd2 Bxf4 22. gxf4 Nc6 23. Rae1 Qb6+ 24. Kg2 Qc7 25. h4 Qd7 26. Rd1 Qf5 27. Rh3
Re6 28. Rg3 Rae8 29. Kh1 Re2 30. Qc1 Rc2 31. Qb1 Ree2 32. Rf1 Qxf4 33. Qxc2
Rxc2 34. Rfg1 Qxh4+ 0-1

[Event "4NCL/Div3/SCS vs. BAB"]
[Site "Wokefield Park ENG"]
[Date "2010.05.03"]
[Round "11.1"]
[White "Baptie, Justin P"]
[Black "Harley-Yeo, Gareth"]
[Result "0-1"]
[WhiteElo "2095"]
[BlackElo "2053"]
[PlyCount "104"]
[EventDate "2010.05.03"]
[SourceDate "2009.10.24"]

1. e4 c5 2. Nf3 e6 3. d4 cxd4 4. Nxd4 Nc6 5. Nc3 a6 6. Be3 Qc7 7. Be2 Nf6 8.
O-O Bb4 9. Na4 O-O 10. Nxc6 bxc6 11. Nb6 Rb8 12. Nxc8 Rfxc8 13. Qd3 Bd6 14. f4
e5 15. f5 Rxb2 16. g4 h6 17. h4 Rb4 18. Bf3 c5 19. g5 c4 20. Qe2 hxg5 21. hxg5
Ne8 22. Bh5 Bc5 23. Bxf7+ Kxf7 24. Qh5+ Ke7 25. f6+ gxf6 26. Qh7+ Kd8 27. gxf6
Bxe3+ 28. Kh1 Qd6 29. Qh3 Nxf6 30. Rad1 Bd4 31. c3 Rb6 32. Rf5 Qe7 33. cxd4 Qh7
34. Qxh7 Nxh7 35. dxe5 c3 36. Rf7 Rh6+ 37. Kg2 Rc7 38. e6 Rxe6 39. Rxh7 Rxe4
40. Rb1 Re2+ 41. Kf3 Rb2 42. Rh8+ Ke7 43. Rh7+ Kd6 44. Rd1+ Kc6 45. Rh6+ Kb7
46. a4 c2 47. Rc1 Rb1 48. Rhh1 Rxc1 49. Rxc1 Kb6 50. Ke4 Ka5 51. Kd5 Kxa4 52.
Kd6 Rc6+ 0-1

[Event "4NCL/Div3/SCS vs. BAB"]
[Site "Wokefield Park ENG"]
[Date "2010.05.03"]
[Round "11.2"]
[White "Lawson, Maurice E"]
[Black "Heard, Andrew H"]
[Result "1/2-1/2"]
[WhiteElo "2066"]
[BlackElo "1874"]
[PlyCount "87"]
[EventDate "2010.05.03"]
[SourceDate "2009.10.24"]

1. e4 d5 2. exd5 Qxd5 3. Nc3 Qa5 4. b4 Qxb4 5. a4 Nf6 6. Ba3 Qa5 7. Rb1 c6 8.
Nf3 Nbd7 9. Bc4 Ne5 10. Nxe5 Qxe5+ 11. Be2 e6 12. Bxf8 Kxf8 13. O-O Nd5 14. Bf3
Nxc3 15. dxc3 Ke7 16. Qc1 Rd8 17. Re1 Qxc3 18. Re3 Qc5 19. Qb2 Kf8 20. Rbe1 Rd2
21. Be4 Qd4 22. Qa3+ Qd6 23. Qc3 Rd1 24. Bxh7 Rxe1+ 25. Rxe1 Bd7 26. Qf3 e5 27.
Rd1 Qe6 28. Qa3+ Qe7 29. Qd3 Be6 30. Bf5 Bxf5 31. Qxf5 Rd8 32. Rxd8+ Qxd8 33.
h3 f6 34. Qe6 Qe8 35. Qd6+ Kf7 36. Qd3 Qe6 37. Qd8 Qe7 38. Qd1 a6 39. Qh5+ Kg8
40. Qg4 Qc7 41. h4 b5 42. h5 Kf8 43. axb5 c5 44. Qe6 1/2-1/2

[Event "4NCL/Div3/SCS vs. BAB"]
[Site "Wokefield Park ENG"]
[Date "2010.05.03"]
[Round "11.3"]
[White "Clarke, Sean A"]
[Black "Davies, Matthew"]
[Result "0-1"]
[WhiteElo "1786"]
[BlackElo "1956"]
[PlyCount "106"]
[EventDate "2010.05.03"]
[SourceDate "2009.10.24"]

1. Nf3 d5 2. d4 Nf6 3. Bg5 c6 4. c3 h6 5. Bxf6 exf6 6. Qc2 Bd6 7. Nbd2 Na6 8.
e3 Nc7 9. c4 Bd7 10. c5 Be7 11. a4 a5 12. Rb1 Na6 13. Bxa6 Rxa6 14. b4 axb4 15.
Rxb4 b6 16. O-O bxc5 17. dxc5 O-O 18. Rfb1 Qa8 19. Nd4 Ra5 20. N4b3 Rxa4 21.
Rxa4 Qxa4 22. Ra1 Qb4 23. Ra7 Rd8 24. Ra6 Bf8 25. Qc1 Rb8 26. Qa3 Bxc5 27. Nxc5
Qxd2 28. h3 Rb2 29. Nd3 Rb8 30. Kh2 Bf5 31. Nf4 Qxf2 32. Qe7 Rf8 33. Ra1 d4 34.
Qc5 dxe3 35. Qxf5 g5 36. Qxf6 Qxf4+ 37. Qxf4 gxf4 38. Kg1 Re8 39. Kf1 Kg7 40.
Rc1 Re6 41. Rc4 Rf6 42. Ke2 Kg6 43. Rc5 Re6 44. Rc4 Kg5 45. Rc5+ Kh4 46. Rf5
Kg3 47. Rxf7 Kxg2 48. h4 Kg3 49. h5 Kg4 50. Rf8 c5 51. Rd8 f3+ 52. Ke1 f2+ 53.
Ke2 Rf6 0-1

[Event "4NCL/Div3/SCS vs. BAB"]
[Site "Wokefield Park ENG"]
[Date "2010.05.03"]
[Round "11.4"]
[White "Parry, Matthew"]
[Black "Lutton, J Arnold"]
[Result "0-1"]
[WhiteElo "1794"]
[BlackElo "1823"]
[PlyCount "54"]
[EventDate "2010.05.03"]
[SourceDate "2009.10.24"]

1. d4 e6 2. c4 Be7 3. Nc3 c6 4. Nf3 Nf6 5. e4 d5 6. e5 Nfd7 7. c5 b6 8. b4 a5
9. bxa5 bxc5 10. dxc5 Nxc5 11. Nd4 Qc7 12. f4 Rxa5 13. Bd2 Ra8 14. Be2 Ba6 15.
O-O Nbd7 16. a4 O-O 17. Re1 Rfb8 18. Bg4 Nd3 19. Bxe6 Bc5 20. Bxf7+ Kh8 21. Be3
N7xe5 22. fxe5 Qxe5 23. Qg4 Rb4 24. Qf5 Bxd4 25. Qxe5 Bxe5 26. Bd2 Bd4+ 27. Re3
Rb2 0-1

[Event "4NCL/Div3/CELT2 vs. GUEM"]
[Site "Wokefield Park ENG"]
[Date "2010.05.03"]
[Round "11.1"]
[White "Thomas, Mark"]
[Black "Simmons, Matthew"]
[Result "0-1"]
[WhiteElo "2049"]
[BlackElo "2071"]
[PlyCount "110"]
[EventDate "2010.05.03"]
[SourceDate "2009.10.24"]

1. e4 c5 2. Nf3 Nc6 3. c3 e6 4. Bd3 d5 5. e5 Qc7 6. Qe2 Nge7 7. O-O Ng6 8. Bb5
Bd7 9. d4 Be7 10. Be3 c4 11. Bxc6 Bxc6 12. Nbd2 h6 13. g3 b5 14. h4 Rb8 15. h5
Nf8 16. Bf4 b4 17. Rfb1 Nh7 18. Qe3 Qd8 19. cxb4 Ng5 20. Bxg5 Bxg5 21. Nxg5
Qxg5 22. Qxg5 hxg5 23. g4 Rxb4 24. a3 Rb6 25. b4 Ba4 26. Rc1 O-O 27. Rc3 f5 28.
gxf5 Rxf5 29. Kg2 Rf4 30. Rg3 g4 31. Nf1 Rxd4 32. Ne3 Rf4 33. Rc1 Rb7 34. Nxg4
Kh8 35. h6 g5 36. Nf6 Rxf6 37. exf6 Rf7 38. f4 gxf4 39. Rg6 Rf8 40. Kf3 Be8 41.
Rg7 e5 42. Rxa7 Bh5+ 43. Kf2 e4 44. Rg1 e3+ 45. Ke1 Rxf6 46. Rgg7 Rxh6 47. Rge7
Rg6 48. Rh7+ Kg8 49. Rxh5 f3 50. Rh1 d4 51. b5 d3 52. Ra6 f2+ 53. Kf1 Rg1+ 54.
Rxg1+ fxg1=Q+ 55. Kxg1 d2 0-1

[Event "4NCL/Div3/CELT2 vs. GUEM"]
[Site "Wokefield Park ENG"]
[Date "2010.05.03"]
[Round "11.2"]
[White "Sedgwick, David R"]
[Black "Fathallah, Joe"]
[Result "1/2-1/2"]
[WhiteElo "2042"]
[BlackElo "1951"]
[PlyCount "59"]
[EventDate "2010.05.03"]
[SourceDate "2009.10.24"]

1. e4 e6 2. d4 d5 3. e5 c5 4. c3 Nc6 5. Nf3 Bd7 6. Bd3 Qb6 7. O-O cxd4 8. cxd4
Nxd4 9. Nxd4 Qxd4 10. Nc3 Qb6 11. Qg4 f5 12. Qg3 Ne7 13. a4 a6 14. a5 Qd4 15.
Bf4 Ng6 16. Ne2 Qb4 17. Rfc1 Rc8 18. h4 Rxc1+ 19. Rxc1 Qxa5 20. h5 Nxf4 21.
Nxf4 Kf7 22. Nh3 Be7 23. Ng5+ Bxg5 24. Qxg5 Qd8 25. Qf4 g6 26. g4 Bc6 27. Bxa6
Qb6 28. Qg5 Qd8 29. Qf4 Qb6 30. Qg5 1/2-1/2

[Event "4NCL/Div3/CELT2 vs. GUEM"]
[Site "Wokefield Park ENG"]
[Date "2010.05.03"]
[Round "11.3"]
[White "Kitchen, Peter J"]
[Black "Jamieson, Ian M"]
[Result "1/2-1/2"]
[WhiteElo "1930"]
[BlackElo "2016"]
[PlyCount "75"]
[EventDate "2010.05.03"]
[SourceDate "2009.10.24"]

1. e4 Nf6 2. e5 Nd5 3. d4 d6 4. c4 Nb6 5. f4 g6 6. Nf3 Bg7 7. Nc3 Nc6 8. Be3
Na5 9. b3 Nc6 10. Be2 a5 11. d5 Nb4 12. a3 Na6 13. O-O c5 14. Ne4 Qc7 15. Nfg5
f5 16. e6 fxe4 17. f5 Nd7 18. Bh5 Ne5 19. Nf7 Nxf7 20. exf7+ Kf8 21. fxg6 hxg6
22. Bxg6 Qd7 23. Bf5 Qxf5 24. Rxf5 Bxf5 25. Ra2 Be5 26. g3 Kg7 27. Rf2 Bg6 28.
Qg4 Bd4 29. Bxd4+ cxd4 30. Qe6 Raf8 31. Qxe7 Rxf7 32. Rxf7+ Bxf7 33. Qxe4 Re8
34. Qxd4+ Re5 35. Qg4+ Kf6 36. Qh4+ Kg7 37. Qg4+ Kf6 38. Qh4+ 1/2-1/2

[Event "4NCL/Div3/CELT2 vs. GUEM"]
[Site "Wokefield Park ENG"]
[Date "2010.05.03"]
[Round "11.4"]
[White "Mooney, Graham"]
[Black "Price, Michael C"]
[Result "1-0"]
[WhiteElo "1986"]
[BlackElo "1906"]
[PlyCount "119"]
[EventDate "2010.05.03"]
[SourceDate "2009.10.24"]

1. e4 c5 2. Nf3 d6 3. d4 cxd4 4. Nxd4 Nf6 5. Nc3 g6 6. Be3 Bg7 7. f3 Nc6 8. Bc4
O-O 9. Qd2 Bd7 10. h4 Rc8 11. Bb3 Ne5 12. Bh6 Nc4 13. Bxc4 Rxc4 14. Bxg7 Kxg7
15. h5 Nxh5 16. g4 e5 17. Nb3 Nf4 18. O-O-O Rxc3 19. bxc3 Qb6 20. Qxd6 Qxd6 21.
Rxd6 Be6 22. Kb2 Rc8 23. Rh2 h5 24. gxh5 Nxh5 25. Rhd2 Nf4 26. Nc1 Rc5 27. Nd3
Rb5+ 28. Nb4 Bh3 29. a4 Ra5 30. Kb3 Bg2 31. Rf2 Bh3 32. Nd3 b5 33. axb5 Rxb5+
34. Kc4 Ra5 35. Kb4 Ra1 36. Nxf4 exf4 37. c4 a5+ 38. Kc3 Be6 39. c5 Ra4 40. Rd4
Ra3+ 41. Kb2 Ra2+ 42. Kb1 Kf6 43. c6 Ra3 44. Rd3 Ra4 45. Rc3 Rb4+ 46. Kc1 Rb8
47. c7 Rc8 48. Rd2 Ke7 49. Kb2 g5 50. Ka3 Bd7 51. Rd5 g4 52. fxg4 Bxg4 53. Ka4
f3 54. Rd2 Ke6 55. Kxa5 Ke5 56. Kb6 Kxe4 57. Rc4+ Ke3 58. Rd3+ Ke2 59. Re4+ Kf2
60. Rxg4 1-0

[Event "4NCL/Div3/CELT2 vs. GUEM"]
[Site "Wokefield Park ENG"]
[Date "2010.05.03"]
[Round "11.5"]
[White "Buttell, David"]
[Black "Brookfield, Toby N"]
[Result "1/2-1/2"]
[WhiteElo "1761"]
[BlackElo "1796"]
[PlyCount "59"]
[EventDate "2010.05.03"]
[SourceDate "2009.10.24"]

1. d4 f5 2. g3 Nf6 3. Bg2 e6 4. c4 Be7 5. Nf3 O-O 6. O-O d6 7. b3 Ne4 8. Bb2
Bf6 9. Qc2 Nc6 10. a3 e5 11. dxe5 dxe5 12. Rd1 Qe8 13. Nc3 Nxc3 14. Bxc3 Qg6
15. e3 e4 16. Nd4 Ne5 17. Ne2 Qh6 18. Bxe5 Bxe5 19. Rab1 Be6 20. Nd4 Rae8 21.
Qe2 c6 22. Nxe6 Qxe6 23. Bf1 Bc7 24. c5 Kh8 25. Qc4 Qe7 26. b4 Rd8 27. Qb3 Rxd1
28. Rxd1 Rd8 29. Bc4 Be5 30. Rxd8+ 1/2-1/2

[Event "4NCL/Div3/CELT2 vs. GUEM"]
[Site "Wokefield Park ENG"]
[Date "2010.05.03"]
[Round "11.6"]
[White "Smith, David"]
[Black "Kitchen, Michael J"]
[Result "1/2-1/2"]
[WhiteElo "1532"]
[BlackElo "1602"]
[PlyCount "50"]
[EventDate "2010.05.03"]
[SourceDate "2009.10.24"]

1. d4 Nf6 2. Nf3 d6 3. c4 c6 4. Nc3 Qc7 5. e3 e5 6. dxe5 dxe5 7. e4 Be7 8. Be2
O-O 9. O-O Na6 10. a3 Nc5 11. Qc2 Ne6 12. Rd1 Bc5 13. Be3 Bxe3 14. fxe3 Bd7 15.
b4 Rfd8 16. Rd3 Be8 17. Rad1 h6 18. R1d2 Rxd3 19. Rxd3 Rd8 20. Qd1 Rd7 21. h3
Rxd3 22. Qxd3 Nf8 23. Nh4 Bd7 24. Nf3 Be6 25. Kh1 Bd7 1/2-1/2

[Event "4NCL/Div3/E2E43 vs. GUI4"]
[Site "Wokefield Park ENG"]
[Date "2010.05.03"]
[Round "11.1"]
[White "Jaszkiwskyj, Peter"]
[Black "Jones, Glynn"]
[Result "1-0"]
[WhiteElo "1973"]
[BlackElo "1818"]
[PlyCount "71"]
[EventDate "2010.05.03"]
[SourceDate "2009.10.24"]

1. d4 g6 2. c4 c6 3. Nf3 Bg7 4. Nc3 d5 5. Bf4 Nf6 6. e3 O-O 7. h3 Bf5 8. Be2
dxc4 9. Bxc4 Nbd7 10. O-O Nb6 11. Be2 Nbd5 12. Bh2 Nxc3 13. bxc3 Ne4 14. Qb3 c5
15. Rac1 b6 16. Bc4 Nd6 17. Be2 Qc8 18. Ne5 Be4 19. Rfd1 Kh8 20. Bg4 c4 21. Qb4
f5 22. Be2 b5 23. d5 Qb7 24. Nc6 Rac8 25. Nxe7 Qxe7 26. Bxd6 Qg5 27. Bf1 Rfe8
28. Qxb5 Be5 29. Bxe5+ Rxe5 30. f4 Qg3 31. fxe5 Qxe3+ 32. Kh2 Qf4+ 33. Kh1 Qg3
34. Qb2 Qxh3+ 35. Kg1 Qe3+ 36. Qf2 1-0